000 00615nam a2200229Ia 4500
003 OSt
005 20220924120234.0
006 a|||||r|||| 00| 0
007 ta
008 220923b |||||||| |||| 00| 0 urd d
024 _a315775
037 _cTextual
040 _aARTS
_cARTS
_burd
041 _2urd
_aurd
082 _aO168,1N18,14, K4
100 _aAazad Jagannath
_9170987
245 0 _aMatam-e-Nehru
260 _aDelhi
_bMaktaba Jamia Limited India
_c1964
650 _aURDU POETRY
942 _hO168,1N18,14, K4
_cTEXL
_2CC
999 _c401901
_d401901